Hallo, Nachbarn!. Bd. 3$90: Einheiten 21-30 (Запись № 2648607)
[ простой вид ]
| 000 -МАРКЕР | |
|---|---|
| контрольное поле | 00961nam2a2200241 4500 |
| 001 - ИДЕНТИФИКАТОР ЗАПИСИ | |
| контрольное поле | RU\NLR\b_ik\96593 |
| 005 - ИДЕНТИФИКАТОР ВЕРСИИ | |
| контрольное поле | 20250616224919.0 |
| 010 ## - МЕЖДУНАРОДНЫЙ СТАНДАРТНЫЙ НОМЕР КНИГИ (ISBN) | |
| Номер (ISBN) | 5-89531-057-5 (2-е изд.) |
| 010 ## - МЕЖДУНАРОДНЫЙ СТАНДАРТНЫЙ НОМЕР КНИГИ (ISBN) | |
| Номер (ISBN) | 5-89531-054-0 |
| Тираж | 5000 |
| 035 ## - ДРУГИЕ СИСТЕМНЫЕ НОМЕРА | |
| Идентификатор записи | (NLR Aleph) 002170558 |
| 100 ## - ДАННЫЕ ОБЩЕЙ ОБРАБОТКИ | |
| Данные общей обработки | 20030408d2002 |||y0rusy50 ca |
| 101 0# - ЯЗЫК РЕСУРСА | |
| Язык текста, звукозаписи и т.д. | немецкий |
| -- | русский |
| 102 ## - СТРАНА ПУБЛИКАЦИИ ИЛИ ПРОИЗВОДСТВА | |
| Страна публикации | российская федерация |
| 105 ## - ПОЛЕ КОДИРОВАННЫХ ДАННЫХ: ТЕКСТОВЫЕ МАТЕРИАЛЫ, МОНОГРАФИЧЕСКИЕ | |
| Кодированные данные о монографическом текстовом документе | abch||||||||| |
| 200 1# - ЗАГЛАВИЕ И СВЕДЕНИЯ ОБ ОТВЕТСТВЕННОСТИ | |
| Основное заглавие | Einheiten 21-30 |
| 210 ## - ПУБЛИКАЦИЯ, РАСПРОСТРАНЕНИЕ И ДР. | |
| Дата издания, распространения и т.д. | 2002 |
| Место издания, распространения и т.д. | Б. м. |
| 215 ## - ФИЗИЧЕСКАЯ ХАРАКТЕРИСТИКА | |
| Специфическое обозначение материала и объем | 184 с. |
| Другие сведения о физической характеристике | ил., факс., портр., карт. |
| Размеры | 29 |
| 461 #0 - УРОВЕНЬ НАБОРА | |
| Встроенное поле | 001RU\NLR\b_ik\100265 |
| -- | 2001#$aHallo, Nachbarn!$eGrundkurs Deutsch für Erwachsene$fLydia Antonowa, Horst Breitung, Valentina Nikulina et al.$vBd. 3$90 |
| Системный номер (АБИС) связанной записи | 2694812 |
| Место публикации | Eschborn etc. |
| Дата публикации | 2002 |
| Первые сведения об ответственности | Lydia Antonowa, Horst Breitung, Valentina Nikulina et al. |
| Имя издателя, распространителя и т.д. | Dt. Ges. für techn. Zsarb. etc. |
| Сведения, относящиеся к заглавию | Grundkurs Deutsch für Erwachsene |
| Заглавие | Hallo, Nachbarn! |
| Номер тома | Bd. 3$90 |
| 801 #0 - ИСТОЧНИК ЗАПИСИ | |
| Страна | российская федерация |
| Организация | NLR |
| Дата составления | 20030408 |
| Правила каталогизации | PSBO |
| 942 ## - ДОПОЛНИТЕЛЬНЫЕ ЭЛЕМЕНТЫ ЗАПИСИ (АБИС) | |
| Тип экземпляра АБИС | Книга |
| 980 ## - КОЛЛЕКЦИЯ | |
| Название коллекции | Национальная библиография |
| Тип экземпляра | Дата поступления | Источник поступления | Библиотека постоянного хранения | Библиотека текущего хранения | Место хранения | Шифр хранения | Штрих-код | Статус не для выдачи | Публичное примечание |
|---|---|---|---|---|---|---|---|---|---|
| Книга | 08.04.2003 | Обязательный экземпляр | РНБ (Московский) | РНБ (Московский) | Иностранный книжный фонд | Ик 2003-8/127 | 1009507 | ; |